Normal view
MARC view
Entry Personal Name
001 - CONTROL NUMBER
- control field: 11017
003 - CONTROL NUMBER IDENTIFIER
- control field: ARRUPE
005 - DATE AND TIME OF LATEST TRANSACTION
- control field: 20140821105426.0
008 - FIXED-LENGTH DATA ELEMENTS
- fixed length control field: 140821|| aca||aabn | a|a d
040 ## - CATALOGING SOURCE
- Original cataloging agency: ARRUPE
- Transcribing agency: ARRUPE
100 ## - HEADING--PERSONAL NAME
- Personal name: Okasha ,Samir
670 ## - SOURCE DATA FOUND
- Source citation: Work cat.: (ARRUPE): Okasha ,Samir, Philosophy of science, 2002